[Event "Ulaanbaatar Ikh Nuudel op"]
[Site "Ulaanbaatar"]
[Date "2016.09.29"]
[Round "1"]
[White "Dulguun, Altankhuyag"]
[Black "Erkhembayar, Duurenbayar"]
[Result "1/2-1/2"]
[WhiteElo "1574"]
[BlackElo "2221"]
[PlyCount "71"]
[EventDate "2016.09.29"]
[EventType "swiss"]
[EventRounds "9"]
[EventCountry "MGL"]
[SourceTitle "CBM 174 Extra"]
[Source "ChessBase"]
[SourceDate "2016.10.10"]
[SourceVersion "1"]
[SourceVersionDate "2016.10.10"]
[SourceQuality "1"]

1. e4 c6 2. d4 d5 3. exd5 cxd5 4. Bd3 Nf6 5. h3 g6 6. Ne2 Nc6 7. c3 Bf5 8. Bxf5 gxf5 9. Ng3 b6 10. Bg5 Bg7 11. Bxf6 Bxf6 12. Qe2 Qc7 13. Nxf5 0-0-0 14. Ne3 Rhg8 15. Qf3 Rg6 16. Na3 Rdg8 17. Nac2 Bh4 18. g3 Rxg3 19. fxg3 Rxg3 20. Qh5 Rxe3+ 21. Kd2 Re4 22. Raf1 f5 23. Kc1 Qg3 24. Rhg1 Qxh3 25. Kb1 Nd8 26. Rd1 Qh2 27. Nb4 Bg3 28. Qf3 Bd6 29. Rh1 Qe2 30. Qxe2 Rxe2 31. Nd3 Bh2 32. Kc1 Kd7 33. Rd2 Rxd2 34. Kxd2 Bb8 35. Ke3 Bd6 36. Rh5 1/2-1/2

[Event "MGL-ch 54th"]
[Site "Govi Altai"]
[Date "2014.04.12"]
[Round "13"]
[White "Sharavdorj, Dashzeveg"]
[Black "Erkhembayar, Duurenbayar"]
[Result "1-0"]
[WhiteElo "2426"]
[BlackElo "2232"]
[PlyCount "71"]
[EventDate "2014.04.04"]
[EventType "tourn"]
[EventRounds "13"]
[EventCountry "MGL"]
[EventCategory "4"]
[SourceTitle "CBM 159 Extra"]
[Source "ChessBase"]
[SourceDate "2014.04.24"]
[SourceVersion "1"]
[SourceVersionDate "2014.04.24"]
[SourceQuality "1"]

1. d4 d5 2. c4 c6 3. Nc3 Nf6 4. e3 g6 5. Nf3 Bg7 6. Be2 a6 7. a4 0-0 8. 0-0 Nbd7 9. cxd5 cxd5 10. Qb3 Qb6 11. Qa3 Re8 12. Ne5 e6 13. a5 Qc7 14. f4 Bf8 15. Qb3 b6 16. axb6 Qxb6 17. Qc2 Ra7 18. Bd3 Nb8 19. Na4 Qc7 20. Qxc7 Rxc7 21. Bd2 Ne4 22. Ba5 Rb7 23. Bxe4 dxe4 24. Rfc1 f6 25. Nc4 Rb5 26. Nc3 Rxa5 27. Nxa5 f5 28. Na4 Bd7 29. Nc4 Bb4 30. Kf2 Bb5 31. Ne5 a5 32. Nc5 Kf8 33. Nb3 Nd7 34. Nxd7+ Bxd7 35. Nxa5 Rb8 36. Nc6 1-0

[Event "MGL-ch 54th"]
[Site "Govi Altai"]
[Date "2014.04.11"]
[Round "11"]
[White "Gunbayar, Myagmarsuren"]
[Black "Erkhembayar, Duurenbayar"]
[Result "1-0"]
[WhiteElo "2367"]
[BlackElo "2232"]
[PlyCount "61"]
[EventDate "2014.04.04"]
[EventType "tourn"]
[EventRounds "13"]
[EventCountry "MGL"]
[EventCategory "4"]
[SourceTitle "CBM 159 Extra"]
[Source "ChessBase"]
[SourceDate "2014.04.24"]
[SourceVersion "1"]
[SourceVersionDate "2014.04.24"]
[SourceQuality "1"]

1. d4 d5 2. Nf3 Nf6 3. c4 e6 4. Nc3 c6 5. Bg5 h6 6. Bh4 Nbd7 7. e3 Be7 8. Bd3 0-0 9. 0-0 dxc4 10. Bxc4 b5 11. Bd3 a6 12. Bxf6 Nxf6 13. Ne4 Nd7 14. Rc1 f5 15. Ng3 c5 16. d5 Nb6 17. dxe6 Bxe6 18. Qc2 Qc8 19. Qb1 c4 20. Nd4 f4 21. exf4 Rxf4 22. Nxe6 Qxe6 23. Rce1 Qd7 24. Bf5 Qc7 25. Be6+ Kh8 26. Nf5 Bf6 27. Qd1 g6 28. Nxh6 Kg7 29. Ng4 Re8 30. g3 Rd4 31. Nxf6 1-0

[Event "MGL-ch 54th"]
[Site "Govi Altai"]
[Date "2014.04.04"]
[Round "1"]
[White "Erkhembayar, Duurenbayar"]
[Black "Battulga, Namkhai"]
[Result "0-1"]
[WhiteElo "2232"]
[BlackElo "2400"]
[PlyCount "92"]
[EventDate "2014.04.04"]
[EventType "tourn"]
[EventRounds "13"]
[EventCountry "MGL"]
[EventCategory "4"]
[SourceTitle "CBM 159 Extra"]
[Source "ChessBase"]
[SourceDate "2014.04.24"]
[SourceVersion "1"]
[SourceVersionDate "2014.04.24"]
[SourceQuality "1"]

1. d4 d5 2. c4 c6 3. e3 Nf6 4. Nf3 Bg4 5. Qb3 Qb6 6. Ne5 Nbd7 7. Nc3 e6 8. Nxg4 Nxg4 9. Be2 Ngf6 10. 0-0 dxc4 11. Bxc4 Bd6 12. Rd1 Qc7 13. h3 0-0 14. e4 e5 15. Be3 b5 16. Bd3 exd4 17. Bxd4 Rad8 18. Rac1 Nc5 19. Bxc5 Bxc5 20. Qc2 Rc8 21. Re1 Rfe8 22. Nd1 Bb6 23. a4 bxa4 24. Qxa4 Qf4 25. Ne3 Nxe4 26. Bxe4 Qxe4 27. Rc4 Qe5 28. Rxc6 Qxb2 29. Rc2 Qe5 30. Rce2 Qa5 31. Qd7 Rcd8 32. Qg4 Bxe3 33. Rxe3 Qxe1+ 34. Rxe1 Rxe1+ 35. Kh2 a5 36. Qa4 Ra8 37. h4 Rb1 38. h5 h6 39. g4 Rb4 40. Qa3 Rd4 41. Qc3 Rdd8 42. Qa3 a4 43. Kg3 Rdb8 44. f3 Rb3 45. Qa2 a3 46. g5 hxg5 0-1

[Event "MGL-ch"]
[Site "Ulaanbaatar"]
[Date "2011.04.03"]
[Round "15"]
[White "Gan Od, Sereenen"]
[Black "Erkhembayar, Duurenbayar"]
[Result "1-0"]
[WhiteElo "2265"]
[BlackElo "2236"]
[PlyCount "74"]
[EventDate "2011.03.25"]
[EventType "tourn"]
[EventRounds "15"]
[EventCountry "MGL"]
[EventCategory "3"]
[SourceTitle "CBM 141 Extra"]
[Source "ChessBase"]
[SourceDate "2011.05.03"]
[SourceVersion "1"]
[SourceVersionDate "2011.05.03"]
[SourceQuality "1"]

1. d4 Nf6 2. c4 e6 3. Nf3 b6 4. g3 Ba6 5. b3 Bb4+ 6. Bd2 Be7 7. Bg2 0-0 8. Bc3 c6 9. Nbd2 d5 10. Ne5 Nfd7 11. Nxd7 Nxd7 12. 0-0 f5 13. a4 Rc8 14. a5 b5 15. c5 Bf6 16. b4 e5 17. e3 Qe7 18. Qc2 Rce8 19. Nf3 e4 20. Nd2 Bc8 21. Rae1 Rf7 22. f4 exf3 23. Nxf3 Nf8 24. Bd2 g6 25. Qd3 Bg7 26. Re2 Nd7 27. Qb1 Rf6 28. Qb3 Re6 29. Rfe1 g5 30. e4 fxe4 31. Nxg5 Bxd4+ 32. Kh1 Nf6 33. Nxe6 Bxe6 34. Bc3 Bxc3 35. Qxc3 Qg7 36. Kg1 Ng4 37. Qxg7+ Kxg7 1-0

[Event "MGL-ch"]
[Site "Ulaanbaatar"]
[Date "2011.04.02"]
[Round "14"]
[White "Erkhembayar, Duurenbayar"]
[Black "Tuvsanaa, Nyamaa"]
[Result "1/2-1/2"]
[WhiteElo "2236"]
[BlackElo "2301"]
[PlyCount "31"]
[EventDate "2011.03.25"]
[EventType "tourn"]
[EventRounds "15"]
[EventCountry "MGL"]
[EventCategory "3"]
[SourceTitle "CBM 141 Extra"]
[Source "ChessBase"]
[SourceDate "2011.05.03"]
[SourceVersion "1"]
[SourceVersionDate "2011.05.03"]
[SourceQuality "1"]

1. d4 d5 2. c4 c6 3. cxd5 cxd5 4. Nc3 Nf6 5. Bf4 Nc6 6. e3 a6 7. Nf3 Bg4 8. Rc1 e6 9. Qb3 Bxf3 10. gxf3 Na5 11. Qa4+ Nc6 12. Qb3 Na5 13. Qa4+ Nc6 14. Qb3 Na5 15. Qa4+ Nc6 16. Qb3 1/2-1/2

[Event "MGL-ch"]
[Site "Ulaanbaatar"]
[Date "2011.03.30"]
[Round "10"]
[White "Erkhembayar, Duurenbayar"]
[Black "Munkhgal, Gombosuren"]
[Result "0-1"]
[WhiteElo "2236"]
[BlackElo "2318"]
[PlyCount "74"]
[EventDate "2011.03.25"]
[EventType "tourn"]
[EventRounds "15"]
[EventCountry "MGL"]
[EventCategory "3"]
[SourceTitle "CBM 141 Extra"]
[Source "ChessBase"]
[SourceDate "2011.05.03"]
[SourceVersion "1"]
[SourceVersionDate "2011.05.03"]
[SourceQuality "1"]

1. d4 d5 2. c4 c6 3. Nc3 Nf6 4. Nf3 a6 5. c5 Nbd7 6. Bf4 Nh5 7. Bd2 Nhf6 8. h3 Qc7 9. g3 e5 10. dxe5 Nxe5 11. Nxe5 Qxe5 12. Bf4 Qe6 13. Na4 Nd7 14. Qc2 b5 15. cxb6 Bb4+ 16. Kd1 0-0 17. h4 Qf6 18. e3 c5 19. Bd3 h5 20. Be2 Nxb6 21. Nxb6 Qxb6 22. Bxh5 d4 23. Kc1 d3 24. Qc4 Be6 25. Qe4 Bd2+ 26. Kxd2 Qxb2+ 27. Ke1 Qxa1+ 28. Bd1 Qxa2 29. Qxd3 Rad8 30. Qc2 Rxd1+ 31. Qxd1 Bb3 32. Qc1 Rd8 33. e4 Rd1+ 34. Qxd1 Bxd1 35. Kxd1 Qb1+ 36. Bc1 Qd3+ 37. Bd2 Qf3+ 0-1

[Event "MGL-ch"]
[Site "Ulaanbaatar"]
[Date "2011.03.27"]
[Round "6"]
[White "Erdene, Ganzorig"]
[Black "Erkhembayar, Duurenbayar"]
[Result "1/2-1/2"]
[WhiteElo "2342"]
[BlackElo "2236"]
[PlyCount "116"]
[EventDate "2011.03.25"]
[EventType "tourn"]
[EventRounds "15"]
[EventCountry "MGL"]
[EventCategory "3"]
[SourceTitle "CBM 141 Extra"]
[Source "ChessBase"]
[SourceDate "2011.05.03"]
[SourceVersion "1"]
[SourceVersionDate "2011.05.03"]
[SourceQuality "1"]

1. d4 Nf6 2. c4 e6 3. Nf3 d5 4. Nc3 c6 5. Bg5 h6 6. Bxf6 Qxf6 7. Qb3 Nd7 8. e4 dxe4 9. Nxe4 Qd8 10. Bd3 Qa5+ 11. Ke2 Be7 12. Rhe1 0-0 13. Kf1 Rd8 14. Rad1 b6 15. a3 Bb7 16. Bc2 b5 17. c5 Rab8 18. Kg1 Ba6 19. Ne5 Nxe5 20. dxe5 Rd5 21. Qg3 Rbd8 22. b4 Rxd1 23. Bxd1 Qc7 24. Nd6 Bc8 25. f4 a5 26. Bh5 Bxd6 27. exd6 Qa7 28. Qc3 Rxd6 29. Bf3 Bb7 30. f5 exf5 31. Re8+ Kh7 32. Qe5 Rf6 33. Qb8 Qxb8 34. Rxb8 axb4 35. axb4 Ba6 36. Rb6 Bc8 37. Rxc6 Rxc6 38. Bxc6 Kg6 39. Bxb5 Kf6 40. Bc6 Ke5 41. b5 Kd4 42. b6 Kxc5 43. b7 Bxb7 44. Bxb7 Kd4 45. Kf2 Ke5 46. Kf3 g5 47. Ke3 h5 48. Kf3 f4 49. Bc6 g4+ 50. Kf2 h4 51. Bb5 g3+ 52. hxg3 fxg3+ 53. Kf3 f5 54. Bd3 Kf6 55. Bc4 Kg5 56. Be2 Kf6 57. Kf4 h3 58. Kxg3 hxg2 1/2-1/2

[Event "MGL-ch"]
[Site "Ulaanbaatar"]
[Date "2011.03.27"]
[Round "5"]
[White "Erkhembayar, Duurenbayar"]
[Black "Enkhsaikhan, Batmunkh"]
[Result "1/2-1/2"]
[WhiteElo "2236"]
[BlackElo "2195"]
[PlyCount "114"]
[EventDate "2011.03.25"]
[EventType "tourn"]
[EventRounds "15"]
[EventCountry "MGL"]
[EventCategory "3"]
[SourceTitle "CBM 141 Extra"]
[Source "ChessBase"]
[SourceDate "2011.05.03"]
[SourceVersion "1"]
[SourceVersionDate "2011.05.03"]
[SourceQuality "1"]

1. d4 Nf6 2. c4 g6 3. Nc3 d5 4. cxd5 Nxd5 5. e4 Nxc3 6. bxc3 Bg7 7. Qa4+ Nd7 8. Nf3 0-0 9. Be2 c5 10. 0-0 cxd4 11. cxd4 Nc5 12. Qc2 Ne6 13. Be3 Nxd4 14. Bxd4 Bxd4 15. Rad1 e5 16. Nxe5 Qb6 17. Nf3 Bg7 18. Rb1 Qc6 19. Qxc6 bxc6 20. Rfc1 Re8 21. Bd3 Re7 22. a4 Rc7 23. h3 c5 24. Bc4 Bd7 25. a5 Bc6 26. Bd3 Rd8 27. Rxc5 Rxd3 28. Rbc1 Ra3 29. Rxc6 Rxc6 30. Rxc6 Rxa5 31. Rc8+ Bf8 32. e5 Kg7 33. Rc7 Kg8 34. Rc8 Kg7 35. g4 h6 36. h4 Bc5 37. g5 hxg5 38. Nxg5 Bb6 39. Re8 Ra4 40. Kg2 Rxh4 41. Kg3 Ra4 42. Re7 Kg8 43. f3 Be3 44. Ne4 Bd4 45. Nf6+ Kg7 46. f4 g5 47. Kg4 Bxe5 48. Nh5+ Kf8 49. Rxe5 f6 50. Nxf6 Rxf4+ 51. Kxg5 Rf1 52. Ng4 a5 53. Nh6 a4 54. Nf5 Rb1 55. Ra5 Ke8 56. Kf6 Re1 57. Rxa4 Rd1 1/2-1/2

[Event "MGL-ch"]
[Site "Ulaanbaatar"]
[Date "2011.03.26"]
[Round "2"]
[White "Battulga, Namkhai"]
[Black "Erkhembayar, Duurenbayar"]
[Result "0-1"]
[WhiteElo "2420"]
[BlackElo "2236"]
[PlyCount "94"]
[EventDate "2011.03.25"]
[EventType "tourn"]
[EventRounds "15"]
[EventCountry "MGL"]
[EventCategory "3"]
[SourceTitle "CBM 141 Extra"]
[Source "ChessBase"]
[SourceDate "2011.05.03"]
[SourceVersion "1"]
[SourceVersionDate "2011.05.03"]
[SourceQuality "1"]

1. e4 c5 2. Nf3 Nc6 3. d4 cxd4 4. Nxd4 Nf6 5. Nc3 e5 6. Ndb5 d6 7. Bg5 a6 8. Na3 b5 9. Bxf6 gxf6 10. Nd5 f5 11. Bd3 Be6 12. Qh5 Bg7 13. 0-0 f4 14. c4 b4 15. Nc2 0-0 16. Ncxb4 Nxb4 17. Nxb4 Qb6 18. a3 a5 19. Nd5 Qxb2 20. Nc7 Qd4 21. Rfd1 Rac8 22. Nb5 Qc5 23. Be2 Rc6 24. Rac1 a4 25. Rc2 Bf6 26. h3 Kg7 27. Bg4 Rg8 28. Bf5 h6 29. Kh2 Rb6 30. Rcd2 Be7 31. Bxe6 fxe6 32. Kh1 Rd8 33. Qe2 Rc8 34. Qg4+ Kf7 35. Qh5+ Kg7 36. Qf3 Rf8 37. Rd3 Rf6 38. R1d2 Rg6 39. Kh2 Kh7 40. Rb2 Qxc4 41. Rb4 Qc6 42. Rc3 Qe8 43. Nc7 Qb8 44. Rxa4 Rb1 45. Ra8 Qb6 46. Re8 Bh4 47. Nxe6 Bg3+ 0-1

[Event "MGL-ch"]
[Site "Ulaanbaatar"]
[Date "2011.03.26"]
[Round "4"]
[White "Nasanjargal, Urtnasan"]
[Black "Erkhembayar, Duurenbayar"]
[Result "1-0"]
[WhiteElo "2263"]
[BlackElo "2236"]
[PlyCount "87"]
[EventDate "2011.03.25"]
[EventType "tourn"]
[EventRounds "15"]
[EventCountry "MGL"]
[EventCategory "3"]
[SourceTitle "CBM 141 Extra"]
[Source "ChessBase"]
[SourceDate "2011.05.03"]
[SourceVersion "1"]
[SourceVersionDate "2011.05.03"]
[SourceQuality "1"]

1. e4 c6 2. d4 d5 3. e5 Bf5 4. Nf3 e6 5. Be2 c5 6. 0-0 Nc6 7. Be3 Nh6 8. c3 Qb6 9. b3 Bg6 10. Nh4 Be7 11. Nxg6 fxg6 12. Bxh6 gxh6 13. Bg4 Nd8 14. c4 h5 15. Bf3 dxc4 16. d5 cxb3 17. Nc3 0-0 18. dxe6 Nc6 19. Nd5 Qd8 20. Qxb3 Rb8 21. Nf6+ Kg7 22. Nd7 Nd4 23. Qd1 Rf5 24. Be4 Rf4 25. Bd5 Nf5 26. g3 Rd4 27. Qf3 b5 28. Rfd1 Rc8 29. Be4 Nh6 30. h3 Qa5 31. Bb7 Rc7 32. Nf6 Qb6 33. Ne8+ Kg8 34. Nxc7 Qxc7 35. Rxd4 cxd4 36. Qf4 Kg7 37. Bf3 Qc4 38. Rc1 Qxe6 39. Rc7 Nf5 40. g4 Nh4 41. Bd5 Qxd5 42. Rxe7+ Kg8 43. Re8+ Kg7 44. Qf8# 1-0

[Event "Ulaanbaatar"]
[Site "Ulaanbaatar"]
[Date "2009.05.24"]
[Round "10"]
[White "Batchimeg, Tuvshintugs"]
[Black "Erkhembayar, Duurenbayar"]
[Result "1/2-1/2"]
[WhiteElo "2286"]
[BlackElo "2343"]
[PlyCount "59"]
[EventDate "2009.05.19"]
[EventType "tourn"]
[EventRounds "10"]
[EventCountry "MGL"]
[EventCategory "4"]
[SourceTitle "CBM 130 Extra"]
[Source "ChessBase"]
[SourceDate "2009.07.02"]
[SourceVersion "2"]
[SourceVersionDate "2009.07.15"]
[SourceQuality "1"]

1. e4 e5 2. Nf3 Nc6 3. Bb5 a6 4. Ba4 Nf6 5. 0-0 b5 6. Bb3 Be7 7. Re1 0-0 8. c3 d6 9. h3 Re8 10. Ng5 Rf8 11. Nf3 Re8 12. Ng5 Rf8 13. Nf3 Bb7 14. d4 Re8 15. Nbd2 Bf8 16. a4 Nb8 17. axb5 axb5 18. Rxa8 Bxa8 19. Ng5 Re7 20. d5 h6 21. Ngf3 c6 22. dxc6 Qc7 23. Nf1 Bxc6 24. Ng3 g6 25. Nh4 Kh7 26. Nf3 Kg8 27. Nh2 Kh7 28. Ng4 Nxg4 29. Qxg4 Nd7 30. Qh4 1/2-1/2

[Event "Ulaanbaatar"]
[Site "Ulaanbaatar"]
[Date "2009.05.21"]
[Round "5"]
[White "Khatanbaatar, Bazar"]
[Black "Erkhembayar, Duurenbayar"]
[Result "0-1"]
[WhiteElo "2403"]
[BlackElo "2343"]
[PlyCount "130"]
[EventDate "2009.05.19"]
[EventType "tourn"]
[EventRounds "10"]
[EventCountry "MGL"]
[EventCategory "4"]
[SourceTitle "CBM 130 Extra"]
[Source "ChessBase"]
[SourceDate "2009.07.02"]
[SourceVersion "2"]
[SourceVersionDate "2009.07.15"]
[SourceQuality "1"]

1. e4 c6 2. Nc3 d5 3. Nf3 Bg4 4. h3 Bxf3 5. Qxf3 e6 6. d3 Nf6 7. Bd2 Nbd7 8. g4 h6 9. Qg2 Bb4 10. h4 Qa5 11. f3 0-0-0 12. a3 d4 13. Nb1 Bxd2+ 14. Nxd2 g5 15. 0-0-0 Ne5 16. hxg5 hxg5 17. Nb3 Qb6 18. Rxh8 Rxh8 19. Qd2 Rg8 20. Be2 Nfd7 21. Kb1 f6 22. Rh1 Ng6 23. Bd1 e5 24. c3 c5 25. cxd4 cxd4 26. Na5 Rh8 27. Rxh8+ Nxh8 28. Nc4 Qc7 29. Ba4 Ng6 30. Qb4 Nc5 31. Qb5 Qc6 32. Qxc6+ bxc6 33. Bxc6 Nxd3 34. Nd2 Nh4 35. Bb5 Ne1 36. Be2 d3 37. Bd1 Kc7 38. b4 Nhg2 39. Kb2 Nf4 40. Nc4 Ne2 41. Ne3 Nxf3 42. Nd5+ Kd6 43. Nxf6 Nd2 44. Bb3 Nd4 45. Ba2 Nf1 46. Kc1 Ne2+ 47. Kb2 d2 48. Bb3 Ne3 49. Nh7 Nd4 50. Ba4 Ne6 51. Nf6 d1Q 52. Bxd1 Nxd1+ 53. Kc2 Nf2 54. Kd2 Nd4 55. Ke3 Ke6 56. Nh7 Nxg4+ 57. Kd2 Nf2 58. Ke3 Nh3 59. Nf8+ Ke7 60. Ng6+ Kf6 61. Nf8 g4 62. Nd7+ Ke6 63. Nc5+ Kd6 64. Nd3 g3 65. Ne1 Nc2+ 0-1

[Event "Ulaanbaatar"]
[Site "Ulaanbaatar"]
[Date "2009.05.20"]
[Round "2"]
[White "Myagmarsuren, Lhamsuren"]
[Black "Erkhembayar, Duurenbayar"]
[Result "1/2-1/2"]
[WhiteElo "2198"]
[BlackElo "2343"]
[PlyCount "71"]
[EventDate "2009.05.19"]
[EventType "tourn"]
[EventRounds "10"]
[EventCountry "MGL"]
[EventCategory "4"]
[SourceTitle "CBM 130 Extra"]
[Source "ChessBase"]
[SourceDate "2009.07.02"]
[SourceVersion "2"]
[SourceVersionDate "2009.07.15"]
[SourceQuality "1"]

1. e4 c6 2. Nf3 d5 3. Nc3 Bg4 4. Be2 e6 5. Ne5 Bxe2 6. Qxe2 Nf6 7. exd5 Nxd5 8. 0-0 Be7 9. Ne4 0-0 10. d4 Nd7 11. Rd1 Qc7 12. c4 N5f6 13. Bf4 Nxe5 14. Bxe5 Qd8 15. d5 cxd5 16. Bxf6 Bxf6 17. cxd5 exd5 18. Nxf6+ Qxf6 19. Rxd5 h6 20. Rad1 Rae8 21. Qb5 a6 22. Qxb7 Rb8 23. Qa7 Rxb2 24. h3 Re8 25. Rd6 Re1+ 26. Rxe1 Qxd6 27. Qa8+ Kh7 28. Qe4+ g6 29. Qf3 Kg7 30. Rd1 Qe5 31. a3 Ra2 32. g3 a5 33. Kg2 a4 34. Rd3 Ra1 35. Qc6 Kh7 36. Re3 1/2-1/2

[Event "MGL-ch"]
[Site "Ulaanbaatar"]
[Date "2009.04.15"]
[Round "8"]
[White "Gundavaa, Bayarsaihan"]
[Black "Erkhembayar, Duurenbayar"]
[Result "1-0"]
[WhiteElo "2461"]
[BlackElo "2343"]
[PlyCount "69"]
[EventDate "2009.04.11"]
[EventType "tourn"]
[EventRounds "17"]
[EventCountry "MGL"]
[EventCategory "2"]
[SourceTitle "CBM 130 Extra"]
[Source "ChessBase"]
[SourceDate "2009.07.02"]
[SourceVersion "2"]
[SourceVersionDate "2009.07.15"]
[SourceQuality "1"]

1. e4 c5 2. Nf3 d6 3. d4 cxd4 4. Nxd4 Nf6 5. Nc3 e6 6. Be3 a6 7. f3 b5 8. Qd2 b4 9. Na4 d5 10. e5 Nfd7 11. f4 Qc7 12. Be2 Nc6 13. 0-0 Nxd4 14. Bxd4 g6 15. Rac1 Qa5 16. b3 Nc5 17. Nxc5 Bxc5 18. c3 bxc3 19. Rxc3 Bb4 20. Qe3 0-0 21. f5 Bxc3 22. Bxc3 d4 23. Qxd4 Qd8 24. Qe4 exf5 25. Qxa8 Qb6+ 26. Rf2 Bb7 27. Bd4 Qb4 28. Qa7 Rd8 29. Bc4 Qe1+ 30. Bf1 Qe4 31. Rd2 f4 32. Qb6 Rd7 33. Bc3 Rxd2 34. Bxd2 Qxe5 35. Bxf4 1-0

[Event "MGL-ch"]
[Site "Ulaanbaatar"]
[Date "2009.04.12"]
[Round "4"]
[White "Enkhsaikhan, Batmunkh"]
[Black "Erkhembayar, Duurenbayar"]
[Result "1/2-1/2"]
[WhiteElo "2146"]
[BlackElo "2343"]
[PlyCount "68"]
[EventDate "2009.04.11"]
[EventType "tourn"]
[EventRounds "17"]
[EventCountry "MGL"]
[EventCategory "2"]
[SourceTitle "CBM 130 Extra"]
[Source "ChessBase"]
[SourceDate "2009.07.02"]
[SourceVersion "2"]
[SourceVersionDate "2009.07.15"]
[SourceQuality "1"]

1. e4 c6 2. d4 d5 3. e5 Bf5 4. Nf3 e6 5. Be2 c5 6. 0-0 Nc6 7. c3 Rc8 8. a3 h6 9. b4 cxd4 10. cxd4 Nge7 11. Nbd2 Ng6 12. Nb3 Be7 13. Bd3 Bxd3 14. Qxd3 0-0 15. Bd2 Nb8 16. g3 Nd7 17. h3 Nb6 18. Nh2 Nc4 19. f4 Qc7 20. Bc1 a5 21. f5 exf5 22. Qxf5 axb4 23. axb4 Bxb4 24. Ng4 Qb6 25. Bxh6 Ne7 26. Qg5 Qg6 27. Qh4 Rc6 28. Nf6+ gxf6 29. Bxf8 Kxf8 30. exf6 Nc8 31. Nc5 Bxc5 32. dxc5 Ke8 33. Rab1 b6 34. Qh8+ Kd7 1/2-1/2

[Event "Olympiad-36"]
[Site "Mallorca"]
[Date "2004.10.26"]
[Round "11"]
[White "Erkhembayar, Duurenbayar"]
[Black "Hossain, Enamul"]
[Result "0-1"]
[WhiteElo "2332"]
[BlackElo "2413"]
[PlyCount "88"]
[EventDate "2004.10.15"]
[EventType "team-swiss"]
[EventRounds "14"]
[EventCountry "ESP"]
[SourceTitle "CBM 104"]
[Source "ChessBase"]
[SourceDate "2005.01.27"]
[SourceVersion "1"]
[SourceVersionDate "2005.01.27"]
[SourceQuality "1"]
[WhiteTeam "Mongolia"]
[BlackTeam "Bangladesh"]
[WhiteTeamCountry "MGL"]
[BlackTeamCountry "BAN"]

1. d4 d5 2. Nf3 Nf6 3. c4 c6 4. Nc3 dxc4 5. a4 Bf5 6. e3 e6 7. Bxc4 Bb4 8. 0-0 0-0 9. Qb3 Qe7 10. h3 a5 11. Na2 Bd6 12. Bd3 Bxd3 13. Qxd3 Nbd7 14. Nc3 h6 15. e4 Bb4 16. Na2 Rfd8 17. Nxb4 axb4 18. Bd2 e5 19. Rfe1 exd4 20. e5 Ne8 21. Qxd4 c5 22. Qe4 Nf8 23. Be3 b6 24. Nh4 Qe6 25. f4 Nd6 26. Qf3 Nf5 27. Nxf5 Qxf5 28. a5 Rxa5 29. Rxa5 bxa5 30. Bxc5 Ne6 31. Bb6 Rd2 32. Qa8+ Kh7 33. Qe4 g6 34. b3 Qxf4 35. Qb7 Nd4 36. Kh1 Nc2 37. Rg1 Qf5 38. Bxa5 Ne3 39. Bxb4 Nxg2 40. Rxg2 Qxh3+ 41. Kg1 Qe3+ 42. Kh2 Qxe5+ 43. Kg1 Qe1+ 44. Kh2 Qh4+ 0-1

[Event "Olympiad-34"]
[Site "Istanbul"]
[Date "2000.11.08"]
[Round "11.3"]
[White "Erkhembayar, Duurenbayar"]
[Black "Onkoud, Abdelaziz"]
[Result "1-0"]
[WhiteElo "2301"]
[BlackElo "2309"]
[PlyCount "79"]
[EventDate "2000.10.28"]
[EventType "team-swiss"]
[EventRounds "14"]
[EventCountry "TUR"]
[SourceTitle "EXT 2001"]
[Source "ChessBase"]
[SourceDate "2000.11.22"]
[SourceVersion "1"]
[SourceVersionDate "2000.11.22"]
[SourceQuality "1"]
[WhiteTeam "Mongolia"]
[BlackTeam "Morocco"]
[WhiteTeamCountry "MGL"]
[BlackTeamCountry "MAR"]

1. d4 Nf6 2. c4 d6 3. Nc3 c6 4. e4 e5 5. Nf3 Nbd7 6. Be2 Be7 7. 0-0 0-0 8. Qc2 a6 9. a4 a5 10. Nd1 Re8 11. Re1 Bf8 12. d5 Nc5 13. Nc3 h6 14. Be3 Na6 15. Rad1 Qc7 16. h3 Bd7 17. Nh2 Qc8 18. Qd2 Nc5 19. Bxc5 dxc5 20. f4 cxd5 21. cxd5 c4 22. Nf3 Bb4 23. Bf1 Qc5+ 24. Kh2 Bxc3 25. bxc3 Bxa4 26. Ra1 Bb3 27. Nxe5 b5 28. g3 a4 29. Bg2 Rad8 30. Qb2 Ra8 31. Nc6 Nd7 32. e5 Rac8 33. Qd2 f6 34. e6 Nf8 35. d6 Rxc6 36. d7 Rcc8 37. dxe8Q Rxe8 38. e7 Ng6 39. Qd8 Qxe7 40. Qxe8+ 1-0

[Event "Olympiad-34"]
[Site "Istanbul"]
[Date "2000.11.06"]
[Round "9.4"]
[White "Datu, Idelfonso"]
[Black "Erkhembayar, Duurenbayar"]
[Result "1-0"]
[WhiteElo "2345"]
[BlackElo "2301"]
[PlyCount "79"]
[EventDate "2000.10.28"]
[EventType "team-swiss"]
[EventRounds "14"]
[EventCountry "TUR"]
[SourceTitle "EXT 2001"]
[Source "ChessBase"]
[SourceDate "2000.11.22"]
[SourceVersion "1"]
[SourceVersionDate "2000.11.22"]
[SourceQuality "1"]
[WhiteTeam "Philippines"]
[BlackTeam "Mongolia"]
[WhiteTeamCountry "PHI"]
[BlackTeamCountry "MGL"]

1. c4 Nf6 2. Nc3 c5 3. g3 g6 4. Bg2 Bg7 5. Nf3 Nc6 6. d4 cxd4 7. Nxd4 0-0 8. 0-0 Nxd4 9. Qxd4 d6 10. Qd2 Rb8 11. b3 Bd7 12. Bb2 Qa5 13. Rfd1 Rfe8 14. Rac1 Bc6 15. e4 a6 16. a3 Qh5 17. Nd5 Ng4 18. h3 Ne5 19. g4 Qh6 20. f4 Nd7 21. Bxg7 Qxg7 22. b4 Nf6 23. Nc3 Rec8 24. Qe3 Be8 25. e5 dxe5 26. fxe5 Nd7 27. Nd5 Kf8 28. e6 Ne5 29. exf7 Bxf7 30. Rf1 Nxc4 31. Qxe7+ Kg8 32. Nf6+ Kh8 33. Nd7 Qd4+ 34. Kh2 Bg8 35. Nxb8 Rxb8 36. Rcd1 Qb2 37. Rd8 Rxd8 38. Qxd8 Qe5+ 39. Kh1 b5 40. g5 1-0

[Event "World University-ch 6th"]
[Site "Golden Sands"]
[Date "2000.09.05"]
[Round "5"]
[White "Barva, Attila"]
[Black "Erkhembayar, Duurenbayar"]
[Result "0-1"]
[WhiteElo "2417"]
[BlackElo "2301"]
[PlyCount "140"]
[EventDate "2000.09.01"]
[EventType "team-tourn"]
[EventRounds "9"]
[EventCountry "BUL"]
[SourceTitle "CBM 077 Extra"]
[Source "ChessBase"]
[SourceDate "2000.09.14"]
[SourceVersion "1"]
[SourceVersionDate "2000.09.14"]
[SourceQuality "1"]

1. d4 Nf6 2. Nf3 g6 3. Nc3 d5 4. Bf4 Bg7 5. Qd2 Ne4 6. Qe3 c5 7. Nxe4 dxe4 8. Qxe4 Nc6 9. dxc5 Bxb2 10. Rd1 Qa5+ 11. Bd2 Qxc5 12. Qa4 0-0 13. e3 a6 14. Bd3 Be6 15. 0-0 b5 16. Qh4 Bf6 17. Qg3 Bxa2 18. e4 Ne5 19. Ng5 Nxd3 20. cxd3 b4 21. Qh4 Bxg5 22. Bxg5 f6 23. Be3 Qb5 24. Qg4 Rfd8 25. e5 f5 26. Qh4 e6 27. Rc1 Qb7 28. Bc5 a5 29. Bd6 Rd7 30. Rc5 Bd5 31. Rfc1 b3 32. Qa4 Bxg2 33. Rb5 b2 34. Rb1 Qf3 35. Qd1 Qh3 36. f4 Bc6 37. R5xb2 Qe3+ 38. Rf2 a4 39. Qd2 Qd4 40. Qa2 Bd5 41. Qa3 Rc8 42. Rc1 Rxc1+ 43. Qxc1 Rd8 44. Qc2 Ra8 45. Bc5 Qa1+ 46. Rf1 Qa2 47. Qxa2 Bxa2 48. Kf2 Rb8 49. Ke3 Rb3 50. Ra1 Rb2 51. h4 Rc2 52. Ba3 Rh2 53. Kd4 Kf7 54. Rc1 Rxh4 55. Rc7+ Ke8 56. Be7 Rxf4+ 57. Kc5 Rf3 58. Bf6 g5 59. Rxh7 g4 60. d4 f4 61. Rg7 g3 62. Kd6 Rd3 63. Bg5 Rxd4+ 64. Kc6 Bd5+ 65. Kd6 Bb3+ 66. Kc6 f3 67. Bh6 Rh4 68. Rg8+ Kf7 69. Rg7+ Kf8 70. Rxg3+ Rxh6 0-1